লোডিং...
Nahi kavitha ki upalabdiyam/
| প্রধান লেখক: | |
|---|---|
| বিন্যাস: | Printed Book |
| প্রকাশিত: |
Madura:
Jawahar Pusthakalaya,
2006.
|
| LEADER | 00467 a2200121 4500 | ||
|---|---|---|---|
| 100 | |a Uma Kumari,J. | ||
| 245 | |a Nahi kavitha ki upalabdiyam/ |c J.Uma Kumari | ||
| 260 | |a Madura: |b Jawahar Pusthakalaya, |c 2006. | ||
| 300 | |a 200p. | ||
| 942 | |2 ddc |c BK | ||
| 999 | |c 237736 |d 237736 | ||
| 952 | |0 0 |1 0 |4 0 |7 0 |9 263988 |a HIN |b HIN |c ST1 |d 2011-06-10 |i 21405 |l 0 |p HIN21405 |r 2014-02-07 |w 2014-02-07 |y BK | ||
| 952 | |0 0 |1 0 |4 0 |7 0 |9 263989 |a HIN |b HIN |c S-16 |d 2012-07-30 |i 19994 |l 0 |p HIN19994 |r 2014-02-07 |w 2014-02-07 |y BK | ||